书目信息 |
| 题名: |
数码摄影手册
|
|
| 作者: | 凯尔比 著 ;毛晓燕 , 邓力文 译 | |
| 分册: | 1 | |
| 出版信息: | 浙江 浙江摄影出版社 2009 |
|
| 页数: | 210页 | |
| 开本: | 24cm | |
| 丛书名: | ||
| 单 册: | ||
| 中图分类: | TB86 | |
| 科图分类: | ||
| 主题词: | 数字照相机--摄影技术 , 数字照相机 | |
| 电子资源: | ||
| ISBN: | 978-7-115-17750-6 | |
| 000 | 00898nam0 2200265 45 | |
| 001 | 1033104484 | |
| 005 | 20100407101714.34 | |
| 010 | @a978-7-115-17750-6@dCNY39.80 | |
| 100 | @a20100401d2009 em y0chiy0110 ea | |
| 101 | 1 | @achi@ceng |
| 102 | @aCN@b330000 | |
| 105 | @aa z 000yy | |
| 106 | @ar | |
| 200 | 1 | @a数码摄影手册@AShu Ma She Ying Shou Ce@h1@f(美)凯尔比(Scott Kelby)著@F( Mei ) Kai Er Bi (Scott Kelby) Zhu@g毛晓燕,邓力文译 |
| 210 | @a浙江@c浙江摄影出版社@d2009 | |
| 215 | @a210页@c图@d24cm | |
| 330 | @a全书共分11章,分别介绍了基本摄影技法、花卉摄影、婚礼摄影、风光摄影、体育摄影、人物摄影等。 | |
| 606 | 0 | @a数字照相机@x摄影技术 |
| 606 | 0 | @a数字照相机 |
| 690 | @aTB86@v4 | |
| 701 | 1 | @a凯尔比@AKai Er Bi@g(Kelby,Scott)@4著 |
| 702 | 0 | @a毛晓燕@AMao Xiao Yan@4译 |
| 702 | 0 | @a邓力文@ADeng Li Wen@4译 |
| 801 | 0 | @aCN@bTANGWEI@c20100407 |
| 905 | @b0588477-81@dTB86@e142@f5 | |
| 数码摄影手册.1/(美)凯尔比(Scott Kelby)著/毛晓燕,邓力文译.-浙江:浙江摄影出版社,2009 |
| 210页:图;24cm |
| ISBN 978-7-115-17750-6:CNY39.80 |
| 全书共分11章,分别介绍了基本摄影技法、花卉摄影、婚礼摄影、风光摄影、体育摄影、人物摄影等。 |
| ● |
| 相关链接 |
|
|
|
|
正题名:数码摄影手册
索取号:TB86/142
 
预约/预借
| 序号 | 登录号 | 条形码 | 馆藏地/架位号 | 状态 | 备注 |
| 1 | 0588477 | 205884774 | 第二样本阅览室/ [索取号:TB86/142] | 在馆 | |
| 2 | 0588478 | 205884783 | 第三借阅区/ [索取号:TB86/142] | 在馆 | |
| 3 | 0588479 | 205884792 | 第三借阅区/ [索取号:TB86/142] | 在馆 | |
| 4 | 0588480 | 205884809 | 第三借阅区/ [索取号:TB86/142] | 在馆 | |
| 5 | 0588481 | 205884818 | 第三借阅区/ [索取号:TB86/142] | 在馆 |